| 000 | 00411cam a2200169ua 4500 | ||
|---|---|---|---|
| 020 | _c2.00 | ||
| 041 |
_aeng _h |
||
| 082 |
_a891.43 _bRAD/HA |
||
| 100 | _aRadhakrishna , Prasad . | ||
| 245 |
_aHam saba gunahgar / _cPrasad Radhakrishna. _hTextual Documents |
||
| 260 |
_a : _bNadambari samskarana , _c1994. |
||
| 300 | _a132 ; . | ||
| 365 | _a2.00 | ||
| 504 | _a | ||
| 942 | _cBK | ||
| 999 |
_c3401 _d3401 |
||